Score 0/52 Timer 05:00
0 Plays Today
Clue 4-Letter Word % Correct
The 'Y' in NYCYORK
96.4%
TV show, 'Saved by the ____'BELL
92.6%
Event attended by CinderellaBALL
91.7%
The other white meatPORK
91.3%
Santa checks it twiceLIST
90.9%
Magician's birdDOVE
90.7%
★To possess★★HAVE★
89.7%
1992 film, 'The _____ of the Mohicans'LAST
88.3%
Catcher's gloveMITT
86.6%
Damon or Groening MATT
85.7%
Matthews or GrohlDAVE
85.5%
Shopping meccaMALL
85.3%
★Spill the beans★★TELL★
84.3%
Bruce Wayne portrayer Christian BALE
84.3%
Milkshake variantMALT
84.1%
★'Note to ____...'★★SELF (A)★
83.7%
Wheeled grocery holderCART
83.6%
Greenish-blue colorTEAL
83.5%
Female horseMARE
82.1%
★Olden days★★YORE★
81.9%
Like some talesTALL
81.8%
Score before 15LOVE
81%
Baby's bedCRIB
80.9%
Cafeteria carrierTRAY
79.2%
Left, onboardPORT
78.7%
Traditional knowledgeLORE
77.5%
Clue 4-Letter Word % Correct
Performers of a playCAST
76.8%
Atkins Diet no-noCARB
76.5%
Oscar Wilde's, 'The Picture of Dorian _____'GRAY
75.9%
Cow noisesMOOS
74.9%
Jerry Lee Lewis', 'Whole Lotta Shakin' _____ On'GOIN'
74.1%
★Author of 'Beatniks,' Toby★★LITT★
73.7%
Tom or bullMALE
73.1%
Behave like a bear?SELL
70.9%
Cardinals or EaglesTEAM
70.7%
Crack a smileGRIN
69.7%
Trolley carTRAM
67.4%
ClothingGARB
61.5%
Rolling stone's lackMOSS
59.8%
★Unmarried lady★★MISS★
59.6%
Maker of Grape-NutsPOST
57.9%
Attack with snowballsPELT
57.9%
Hired hoodlumGOON
54.4%
★Shelley or Blair★★MARY★
53.8%
Cancer is oneCRAB
50.8%
★NFL receiver Collinsworth or Carter★★CRIS★
50.8%
Bring up the rear?MOON
49.4%
Younger sibling, typicallyPEST
49.3%
Dishonestly acquired moneyPELF
49.1%
Take the wrong way?GRAB
46.3%
Player of golfGARY
44.5%
Cubism pioneer JuanGRIS
41.2%

Today's Daily Dose

Remove Ads.
Support Sporcle.
Get the best of Sporcle when you Go Orange. This ad-free experience offers more features, more stats, and more fun while also helping to support Sporcle. Thank you for becoming a member.

You're not logged in!

Compare scores with friends on all Sporcle quizzes.
OR
Log In

Show Comments

Extras

Top Quizzes Today


Score Distribution

Your Account Isn't Verified!

In order to create a playlist on Sporcle, you need to verify the email address you used during registration. Go to your Sporcle Settings to finish the process.

Report this User

Report this user for behavior that violates our Community Guidelines.

Details: